Central Library OPAC University of Rajshahi

আমার জীবন-ধারা / (Record no. 74288)

MARC details
000 -LEADER
fixed length control field 01093nam a2200253 a 4500
001 - CONTROL NUMBER
control field 74288
003 - CONTROL NUMBER IDENTIFIER
rucl marc code BD-RjUL
005 - DATE AND TIME OF LATEST TRANSACTION
control field 20211209082531.0
008 - FIXED-LENGTH DATA ELEMENTS--GENERAL INFORMATION
fixed length control field 180529r20161946bg ||||| |||| 00| 0aben d
035 ## - SYSTEM CONTROL NUMBER
System control number (BD-RjUL)74506
040 ## - CATALOGING SOURCE
Original cataloging agency BD-RjUL
Language of cataloging eng
Transcribing agency BD-RjUL
041 ## - LANGUAGE CODE
Language code of text/sound track or separate title ben
082 ## - DEWEY DECIMAL CLASSIFICATION NUMBER
Edition number 23
Classification number 370.92
Author mark and year AHA 2016
100 1# - MAIN ENTRY--PERSONAL NAME
Personal name আহছানউল্লা, খান বাহাদুর
9 (RLIN) 221501
245 10 - TITLE STATEMENT
Title আমার জীবন-ধারা /
Statement of responsibility, etc. খান বাহাদুর আহছানউল্লা
250 ## - EDITION STATEMENT
Edition statement ১১ তম সংস্করণ
260 ## - PUBLICATION, DISTRIBUTION, ETC. (IMPRINT)
Place of publication, distribution, etc. সাতক্ষীরা :
Name of publisher, distributor, etc. নলতা কেন্দ্রীয় আহছানিয়া মিশন ,
Date of publication, distribution, etc. ১৯৪৬ [মুদ্রন ২০১৬ ]
300 ## - PHYSICAL DESCRIPTION
Pagination ১৬০ পৃ. ;
Size ২২ সেমি.
600 ## - SUBJECT ADDED ENTRY--PERSONAL NAME
Personal name আহছানউল্লা, খান বাহাদুর
Personal name Ahsanullah, Khan bahadur
650 ## - SUBJECT ADDED ENTRY--TOPICAL TERM
Topical term or geographic name as entry element শিক্ষাবিদ আত্মজীবনী
9 (RLIN) 221502
Topical term or geographic name as entry element Educators
Form subdivision Autobiography
9 (RLIN) 221503
942 ## - ADDED ENTRY ELEMENTS (KOHA)
Source of classification or shelving scheme Dewey Decimal Classification
Koha item type Books
Holdings
Lost status Source of classification or shelving scheme Damaged status Not for loan Collection code Permanent Location Current Location Shelving location Date acquired Source of acquisition Cost, normal purchase price Total Checkouts Full call number Date last seen Copy number Koha item type
  Dewey Decimal Classification   Not For Loan Non-fiction Central Library, University of Rajshahi Central Library, University of Rajshahi Reading Room 18/04/2018 Author 80.00   B 370.92 AHA 2016 29/05/2018 C-1 Books